Social Statistics and Ethnic Diversity : (Record no. 96661)

MARC details
000 -LEADER
fixed length control field 01056nam a2200265Ii 4500
008 - FIXED-LENGTH DATA ELEMENTS--GENERAL INFORMATION
fixed length control field 221202s xx 000 0 und d
245 #0 - TITLE STATEMENT
Title Social Statistics and Ethnic Diversity :
Remainder of title Cross-National Perspectives in Classifications and Identity Politics
264 #1 - PRODUCTION, PUBLICATION, DISTRIBUTION, MANUFACTURE, AND COPYRIGHT NOTICE
Place of production, publication, distribution, manufacture Cham
Name of producer, publisher, distributor, manufacturer Springer Nature
Date of production, publication, distribution, manufacture, or copyright notice 2015
300 ## - PHYSICAL DESCRIPTION
Extent 1 online resource (244 pages)
336 ## - CONTENT TYPE
Content type term text
Content type code txt
Source rdacontent
337 ## - MEDIA TYPE
Media type term computer
Media type code c
Source rdamedia
338 ## - CARRIER TYPE
Carrier type term online resource
Carrier type code cr
Source rdacarrier
490 ## - SERIES STATEMENT
Series statement IMISCOE Research Series
520 ## - SUMMARY, ETC.
Summary, etc. Migration; Population Economics; Sociology, general; Political Science; Human Geography
653 ## - INDEX TERM--UNCONTROLLED
Uncontrolled term Human Geography
653 ## - INDEX TERM--UNCONTROLLED
Uncontrolled term Migration
653 ## - INDEX TERM--UNCONTROLLED
Uncontrolled term Political Science
653 ## - INDEX TERM--UNCONTROLLED
Uncontrolled term Population Economics
653 ## - INDEX TERM--UNCONTROLLED
Uncontrolled term Sociology, General
700 1# - ADDED ENTRY--PERSONAL NAME
Personal name Gagnon, Amélie A.
700 1# - ADDED ENTRY--PERSONAL NAME
Personal name Piché, Victor
700 1# - ADDED ENTRY--PERSONAL NAME
Personal name Simon, Patrick
856 ## - ELECTRONIC LOCATION AND ACCESS
Uniform Resource Identifier <a href="https://docs.google.com/spreadsheets/d/1yKIrdCPDAG_9c22mwoOIO2DOhtj65Wqa/edit?usp=sharing&ouid=106555315294820607512&rtpof=true&sd=true ">https://docs.google.com/spreadsheets/d/1yKIrdCPDAG_9c22mwoOIO2DOhtj65Wqa/edit?usp=sharing&ouid=106555315294820607512&rtpof=true&sd=true </a>
Link text List of Curated E-Books
942 ## - ADDED ENTRY ELEMENTS (KOHA)
Koha item type E-Book

No items available.

University of Rizal System
Email us at univlibservices@urs.edu.ph

Visit our Website www.urs.edu.ph/library